[Event "AUTO-OPEN-4401"]
[Site "http://www.queenalice.com/game.php?id=1819683"]
[Date "2023.8.27"]
[Round "3"]
[White "Rafale2000"]
[Black "zeitnot13"]
[Result "0-1"]
[WhiteElo "1977"]
[BlackElo "2453"]

1. e4 d5 2. exd5 Nf6 3. Bb5+ Bd7 4. Bc4 Bg4 5. f3 Bf5 6. Nc3 c6 7. dxc6 Nxc6 8.
d3 e6 9. Nge2 Bc5 10. Bg5 h6 11. Bf4 Nh5 12. Qd2 Nxf4 13. Qxf4 Qb6 14. Bb5 O-O
15. O-O-O Be3+ 0-1

[Event "AUTO-OPEN-4401"]
[Site "http://www.queenalice.com/game.php?id=1819684"]
[Date "2023.8.27"]
[Round "3"]
[White "zeitnot13"]
[Black "jogador58"]
[Result "1-0"]
[WhiteElo "2450"]
[BlackElo "2217"]

1. d4 Nf6 2. Nc3 d5 3. Bf4 e6 4. Nb5 Na6 5. e3 c6 6. Nc3 h6 7. Nf3 Nc7 8. a3 Bd6
9. Ne5 O-O 10. h4 Ne4 11. Nxe4 dxe4 12. Qg4 Kh8 13. O-O-O Nd5 14. c4 Nxf4 15.
Qxf4 Kg8 16. Qxe4 a5 17. g4 f6 18. Ng6 Re8 19. c5 Bb8 20. Bc4 Qc7 21. g5 b5 22.
Ba2 b4 23. gxf6 gxf6 24. Rdg1 Kf7 25. Ne5+ Ke7 26. Rg7+ 1-0

[Event "AUTO-OPEN-4401"]
[Site "http://www.queenalice.com/game.php?id=1819685"]
[Date "2023.8.27"]
[Round "3"]
[White "jogador58"]
[Black "zeitnot13"]
[Result "0-1"]
[WhiteElo "2194"]
[BlackElo "2452"]

1. e4 d5 2. exd5 Nf6 3. d4 Bg4 4. f3 Bf5 5. Bd3 Bxd3 6. Qxd3 Qxd5 7. c4 Qa5+ 8.
Bd2 Qa6 9. Ne2 e6 10. a3 c5 11. O-O Nc6 12. dxc5 Bxc5+ 13. Kh1 Ne5 14. Qc2 Nxc4
15. Rc1 Nxd2 16. Qxd2 Rd8 17. Qc2 Be3 18. Rd1 Rxd1+ 19. Qxd1 Ke7 20. Nbc3 Rd8
21. Qa4 Qxa4 22. Nxa4 Rd2 23. Nec3 a6 24. Re1 Bd4 25. Rb1 b5 0-1

[Event "AUTO-OPEN-4478"]
[Site "http://www.queenalice.com/game.php?id=1822641"]
[Date "2023.10.9"]
[Round "1"]
[White "zeitnot13"]
[Black "Canaye14"]
[Result "1-0"]
[WhiteElo "2452"]
[BlackElo "1788"]

1. d4 e6 2. Nf3 d5 3. e3 c5 4. b3 Nc6 5. Nbd2 Nf6 6. Bb2 cxd4 7. exd4 Be7 8. Bd3
O-O 9. O-O Re8 10. Re1 Bd6 11. Ne5 Bxe5 12. dxe5 Nd7 13. Re3 Qc7 14. Bxh7+ Kxh7
15. Qh5+ Kg8 16. Rh3 Kf8 17. Ba3+ Nb4 18. Bxb4+ Nc5 19. Qh8+ Ke7 20. Qxg7 Kd8
21. Qf6+ Kd7 22. Rh7 Kc6 23. Rxf7 Bd7 24. Nf3 Ne4 25. Nd4+ Kb6 26. Qf4 a5 27.
Qe3 Nc5 28. Bxc5+ Qxc5 29. Rxd7 Ka6 30. Nxe6 Qxe3 31. Nc7+ 1-0

[Event "AUTO-OPEN-4478"]
[Site "http://www.queenalice.com/game.php?id=1822642"]
[Date "2023.10.9"]
[Round "1"]
[White "Canaye14"]
[Black "zeitnot13"]
[Result "0-1"]
[WhiteElo "1804"]
[BlackElo "2453"]

1. d4 d5 2. c4 dxc4 3. e4 b5 4. a3 Bb7 5. Nc3 a6 6. Nf3 e6 7. Be2 Nd7 8. b4 cxb3
9. Qxb3 Ngf6 10. O-O Nxe4 11. Nxe4 Bxe4 12. Nd2 Bd5 13. Qe3 c5 14. dxc5 Bxc5 15.
Qg3 Qf6 16. Rb1 Qg6 17. Qxg6 hxg6 18. Bf3 Nf6 19. Bb2 Bd6 20. g3 Bxf3 21. Nxf3
Rh5 22. Rfd1 Rd5 23. Rdc1 g5 24. Bxf6 gxf6 25. Rc6 Bxa3 26. Kg2 Kd7 27. Rc3 b4
28. Rc4 Rc8 29. Rxc8 Kxc8 30. Ne1 Rd2 31. Rb3 a5 32. h3 a4 33. Rf3 b3 34. Rxf6
b2 0-1

[Event "AUTO-OPEN-4478"]
[Site "http://www.queenalice.com/game.php?id=1822643"]
[Date "2023.10.9"]
[Round "1"]
[White "zeitnot13"]
[Black "ThiagoBrumN"]
[Result "1-0"]
[WhiteElo "2460"]
[BlackElo "1646"]

1. e4 e5 2. Nf3 Nc6 3. Bc4 Nf6 4. Ng5 d5 5. exd5 Nxd5 6. Nxf7 Kxf7 7. Qf3+ Ke6
8. Nc3 Ne7 9. d4 c6 10. dxe5 g6 11. Qf6+ Kd7 12. Qxh8 Kc7 13. O-O Be6 14. Bg5
Qd7 15. Qxh7 Re8 16. Rad1 Kb8 17. Bxd5 Bxd5 18. Nxd5 cxd5 19. Bxe7 Rxe7 20. Qg8
Re8 21. Rxd5 Qe7 22. Qxg6 Rc8 23. Qd6+ Qxd6 24. exd6 Rxc2 25. d7 Be7 26. d8=Q+
Bxd8 27. Rxd8+ Kc7 28. Rfd1 a6 29. R8d2 Rc6 30. h4 Kb8 31. g3 Rg6 32. Kg2 Ka7
33. h5 Rh6 34. Rh1 Rh8 35. h6 Kb6 36. h7 Kc6 37. g4 Kc5 38. g5 b5 39. g6 Kc4 40.
g7 Rb8 41. g8=Q+ Rxg8+ 42. hxg8=Q+ Kb4 43. Rd4+ Ka5 44. Qd8# 1-0

[Event "AUTO-OPEN-4478"]
[Site "http://www.queenalice.com/game.php?id=1822644"]
[Date "2023.10.9"]
[Round "1"]
[White "ThiagoBrumN"]
[Black "zeitnot13"]
[Result "0-1"]
[WhiteElo "1648"]
[BlackElo "2456"]

1. e4 d5 2. exd5 Nf6 3. Nc3 Nxd5 4. Nxd5 Qxd5 5. Nf3 Nc6 6. b3 Bg4 7. Bc4 Qe4+
8. Qe2 Bxf3 9. gxf3 Qxe2+ 10. Bxe2 O-O-O 11. Bb2 Nd4 12. Bxd4 Rxd4 13. O-O-O g6
14. Bc4 e6 15. d3 Rf4 16. d4 c6 17. Rhe1 Rxf3 18. Kb2 Bg7 19. Re2 Rd8 20. c3 c5
21. Re4 Rxf2+ 22. Ka1 cxd4 23. cxd4 Rxd4 24. Rdxd4 Rd2 25. Kb1 Rxd4 26. Re3 Kd7
27. Kc2 Rh4 28. Rd3+ Ke7 29. h3 a6 30. a4 Rh5 31. Kb1 b5 32. axb5 axb5 33. Bxe6
Kxe6 34. Ka2 b4 35. Re3+ Re5 36. Rd3 Re1 37. Rf3 Ra1# 0-1

[Event "AUTO-OPEN-4478"]
[Site "http://www.queenalice.com/game.php?id=1822645"]
[Date "2023.10.9"]
[Round "1"]
[White "zeitnot13"]
[Black "princesher"]
[Result "1-0"]
[WhiteElo "2455"]
[BlackElo "2033"]

1. d4 d5 2. Nf3 h6 3. e3 Bg4 4. h3 Bxf3 5. Qxf3 e6 6. c4 Bb4+ 7. Bd2 Bxd2+ 8.
Nxd2 c6 9. Qg3 Qf6 10. cxd5 exd5 11. Qc7 Qe7 12. Qc8+ Qd8 13. Qxb7 Nd7 14. Qxc6
Ne7 15. Qa4 a5 16. Bb5 Ra7 17. Nf3 f6 18. O-O O-O 19. Rac1 Nb6 20. Qc2 Qb8 21.
Bd3 f5 22. Ne5 Rc8 23. Qe2 Rxc1 24. Rxc1 g6 25. b3 Kg7 26. g4 Qf8 27. gxf5 gxf5
28. Kh1 Kf6 29. Bxf5 Nxf5 30. Rc6+ Nd6 31. Rxb6 Ke6 32. Qg4+ Qf5 33. Rxd6+ Kxd6
34. Qxf5 Rc7 35. Qf6# 1-0

[Event "AUTO-OPEN-4439"]
[Site "http://www.queenalice.com/game.php?id=1822708"]
[Date "2023.10.10"]
[Round "3"]
[White "zeitnot13"]
[Black "Magnaroc"]
[Result "0-1"]
[WhiteElo "2464"]
[BlackElo "2417"]

1. d4 e6 2. Nd2 c5 3. e3 Nf6 4. Ngf3 b6 5. Bd3 cxd4 6. exd4 Ba6 7. Bxa6 Nxa6 8.
O-O Be7 9. c3 O-O 10. Re1 Nc7 0-1

[Event "AUTO-OPEN-4439"]
[Site "http://www.queenalice.com/game.php?id=1822709"]
[Date "2023.10.10"]
[Round "3"]
[White "Magnaroc"]
[Black "zeitnot13"]
[Result "1-0"]
[WhiteElo "2426"]
[BlackElo "2455"]

1. e4 d5 2. exd5 Nf6 3. c4 e6 4. dxe6 Bxe6 5. Be2 Nc6 6. Nf3 Bc5 7. O-O O-O 8.
d3 Re8 9. Nc3 Bf5 10. Bf4 Qd7 11. Qd2 Rad8 12. Rad1 1-0

[Event "AUTO-OPEN-4439"]
[Site "http://www.queenalice.com/game.php?id=1822710"]
[Date "2023.10.10"]
[Round "3"]
[White "zeitnot13"]
[Black "jogador58"]
[Result "1-0"]
[WhiteElo "2457"]
[BlackElo "2215"]

1. d4 Nf6 2. Nf3 c5 3. e3 g6 4. Nbd2 Bg7 5. c3 cxd4 6. exd4 d6 7. Bd3 O-O 8. O-O
Nbd7 9. Re1 b6 10. Qe2 Re8 11. Ne4 Bb7 12. Nxf6+ Nxf6 13. Bb5 Nd7 14. Bf4 a6 15.
Bc4 b5 16. Bxf7+ 1-0

[Event "AUTO-OPEN-4439"]
[Site "http://www.queenalice.com/game.php?id=1822711"]
[Date "2023.10.10"]
[Round "3"]
[White "jogador58"]
[Black "zeitnot13"]
[Result "0-1"]
[WhiteElo "2235"]
[BlackElo "2461"]

1. d4 d5 2. c4 dxc4 3. Nf3 b5 4. a4 c6 5. axb5 cxb5 6. e3 e6 7. Be2 a5 8. O-O
Qb6 9. b3 cxb3 10. Qxb3 b4 11. Nc3 Nf6 12. d5 Be7 13. e4 O-O 14. e5 Nxd5 15.
Nxd5 exd5 16. Qxd5 Bb7 17. Qb3 Nd7 18. Be3 Nc5 19. Qb2 a4 20. Rfb1 b3 21. Nd2
Bd5 22. Qd4 Rfd8 23. Ne4 Bxe4 24. Qxe4 Nxe4 25. Bxb6 Rdc8 26. Be3 Nc3 0-1